000 00384nam a2200157Ia 4500
008 221030s9999 xx 000 0 und d
020 _a8121919797
041 _aEnglish
082 _a105.23
_bJai
100 _aR. K. Jain
245 0 _aInsight into Flow Charting
_cby R. K. Jain
260 _bS. Chand & Co
_aNew Delhi
_c2002
300 _a232
650 _aBE Computer
942 _cBK
999 _c3160
_d3160